Metafísica de Aristóteles

Saved in:
Bibliografiske detaljer
Hovedforfatter: Aristóteles, 384 a.C.- 322 a.C (Author)
Andre forfattere: García Yebra, Valentín (traductor)
Format: Bog
Sprog:spansk
Udgivet: Madrid Gredos 1970
Fag:
Tags: Tilføj Tag
Ingen Tags, Vær først til at tagge denne postø!

MARC

LEADER 00000nam a2200000 a 4500
001 UCX5993
003 CL-VaPUC
005 20241127085250.0
008 930329e19700000SP |||||||||||||||||spa|d
999 |c 226097  |d 226095 
040 |c Pontificia Universidad Católica de Valparaíso 
082 0 4 |a 185  |b ARI  |2 21 
100 |a Aristóteles,  |d 384 a.C.- 322 a.C.  |e author  |9 194 
245 1 0 |a Metafísica de Aristóteles 
260 |a Madrid  |b Gredos  |c 1970 
300 |a v 
583 |a last modification  |c 19930329 00:00:00  |k Rodrigo Vera 
600 0 |a Aristóteles,  |d 384 a.C.- 322 a.C.  |9 194 
650 0 |a Metafísica  |9 265649 
700 1 |a García Yebra, Valentín  |e traductor  |9 863934 
942 |c BK  |2 ddc 
945 |d 19930329 00:00:00  |a aalvarez 
952 |0 0  |1 0  |4 0  |6 185_000000000000000_ARI_1970  |7 0  |8 R  |9 224207  |a BIBEDU  |b BIBEDU  |c MCIRC  |d 2019-11-15  |h v.1  |i 3017060  |l 2  |o 185 ARI 1970  |p 3017060  |r 2024-09-13  |s 2024-09-13  |w 2019-11-15  |y BK_R  |k FIL